00569cam a22001337a 4500008004000000082002700040100002500067245012600092260005100218300001100269440006600280650006900346650002000415180718b1995 xxu||||| |||| 00| 0 eng d aA81x54 91/13/PT12A&B/R aCensus of India 1991 aMadhya Pradesh district census handbook, Raisen: village and town directory, village and townwise primary census abstract aBhopalbDirectorate of Census Operationsc1995 a865+p. aCensus of India 1991. Series-13, Madhya Pradesh. Part XII-A&B aCities and towns - Directories - India - Madhya Pradesh - Raisen aRaisen - Census